000 00671nam a22002177a 4500
999 _c9688
_d9688
001 9688
003 OSt
005 20180322123140.0
008 180322b2001 bg ||||| |||| 00| 0 ben d
035 _a(BD-JhCC)9688
040 _aBD-JhCC
_dBD-JhCC
041 _aben
082 _a540.00
_bKUN 2001
100 _aকুন্ডু, ড. কালিপদ
245 _aপ্রধান গ্রুপ মৌলসমূহের রসায়ন /
_cড. কালিপদ কুন্ডু
260 _aঢাকা :
_bবাংলা একাডেমী
_c2001.
300 _a364 p. :
_c23 cm.
650 _aChemistry
942 _2ddc
_cBK